000 00403nam a2200169Ia 4500
001 10335
008 140328s9999 xx 000 0 und d
020 _a0-201-88357-0
040 _cPK-LaUMT
082 _a 005.3
_bBRO-V
100 _aBrown, C. Ann
245 _avisual quick guide FileMaker Pro 3 for macintosh
_cBrown, C. Ann
260 _c1996
300 _a236 p.
546 _aEN
942 _cBK
999 _c11347
_d11347